20 reproducible assessment instruments for the new work culture

Bibliographic Details
Main Author: Harris, Philip R. 1926-
Corporate Author: ProQuest (Firm)
Format: Electronic eBook
Language:English
Published: Amherst, Mass. : HRD Press, c1995.
Subjects:
Online Access:Click to View
LEADER 01382nam a2200361Ia 4500
001 EBC329890
003 MiAaPQ
005 20200520144314.0
006 m o d |
007 cr cn|||||||||
008 060413s1995 maua sb 000 0 eng d
020 |z 0874259894 
020 |z 9780874259896 
035 |a (MiAaPQ)EBC329890 
035 |a (Au-PeEL)EBL329890 
035 |a (CaPaEBR)ebr10379732 
035 |a (OCoLC)437198320 
040 |a MiAaPQ  |c MiAaPQ  |d MiAaPQ 
050 4 |a HD58.9  |b .H37 1995 
100 1 |a Harris, Philip R.  |q (Philip Robert),  |d 1926- 
245 1 0 |a 20 reproducible assessment instruments for the new work culture  |h [electronic resource] /  |c Philip R. Harris. 
246 3 |a Twenty reproducible assessment instruments for the new work culture 
260 |a Amherst, Mass. :  |b HRD Press,  |c c1995. 
300 |a viii, 161 p. :  |b ill. 
504 |a Includes bibliographical references. 
533 |a Electronic reproduction. Ann Arbor, MI : ProQuest, 2015. Available via World Wide Web. Access may be limited to ProQuest affiliated libraries. 
650 0 |a Organizational effectiveness  |x Measurement. 
650 0 |a Personnel management. 
650 0 |a Teams in the workplace. 
650 0 |a Management. 
655 4 |a Electronic books. 
710 2 |a ProQuest (Firm) 
856 4 0 |u https://ebookcentral.proquest.com/lib/matrademy/detail.action?docID=329890  |z Click to View